00642nam a2200229 a 4500001001300000003000900013005001700022008004100039020000900080082001600089100001900105245002800124260003300152300000900185500003500194650002000229700001900249902000800268942000700276952011400283999001500397nice12345678IN_TiNIC20260116011512.0070620s1969 luca grp 000 0 eng  ac1000a922.97bAMH aAhmad, Manzoor aMaulana Abul Kalam Azad aLucknow bNo Publisherc1969 a627p aincludes index and biblioraphy aAbul Kalam Azad1 aAhmad, Manzoor bSRS cBK 001040708StackRoom-aHMIbHMId2007-06-20g10.00l0o922.97 AMHp03874r2007-06-20v10.00w2007-06-20yBK c2096d2096